| 000 | 01121cam a2200385Ma 4500 | ||
|---|---|---|---|
| 001 | 103956 | ||
| 005 | 20230411085629.0 | ||
| 008 | 920303s1992 ilua 001 0 eng d | ||
| 010 | _a 86017198 | ||
| 035 | _a(OCoLC)ocm71400692 | ||
| 040 |
_aJQJ _cJQJ |
||
| 020 | _a0936894288 (pbk.) | ||
| 020 | _a9780936894287 (pbk.) | ||
| 035 | _a(OCoLC)71400692 | ||
| 049 | _aGRAL | ||
| 050 | 1 | 4 |
_aZ 286 _bG464c 1992 |
| 082 | 0 | 0 | _a070.5 |
| 100 | 1 | _aGilbert, Dale L. | |
| 245 | 1 | 0 |
_aComplete guide to starting a used bookstore : _bold books into gold / _cDale L. Gilbert. |
| 250 | _a2d ed. | ||
| 260 |
_aChicago, IL : _bChicago Review Press, _cc1992. |
||
| 300 |
_a199 p. ; _c23 cm. |
||
| 500 | _aIncludes index. | ||
| 650 | 4 | _aPrimera Jornada de Catalogacion. | |
| 650 | 0 | _aAntiquarian booksellers. | |
| 650 | 0 | _aNew business enterprises. | |
| 650 | 0 | _aBooksellers and bookselling. | |
| 650 | 4 | _aLibreros anticuarios. | |
| 650 | 4 | _aEmpresas comerciales. | |
| 650 | 4 |
_aLibreros _xLibros en venta. |
|
| 740 | 0 | _aStarting a used bookstore. | |
| 942 |
_2lcc _cbk |
||
| 946 | _aFHM | ||
| 994 |
_aC0 _bDRFGD |
||
| 999 |
_c104999 _d104999 |
||